000 00569nam a22001697a 4500
005 20231026085638.0
008 231026b |||||||| |||| 00| 0 eng d
020 _a9780409052626
041 _aEnglish
082 _a346.7 REI
100 _aReinecke MFB, van Niekerk JP and Nienaber PM
_lEnglish
245 _aSouth African Insurance Law /
_cMFB Reinecke, JP van Niekerk and PM Nienaber
260 _aDurban :
_bLexisNexis (Pty) Ltd,
_c2013
300 _bviii, 624 pages ;
_c24,7 cm.
650 _aLegal practice
_bLaw
942 _cBK
_6ALISON_BN_VRIES
999 _c75
_d75